[Event "OGD Prinsenstad Open A"]
[Site "Delft NED"]
[Date "2012.04.08"]
[Round "5.4"]
[White "De Wit,M"]
[Black "Haslinger,S"]
[Result "0-1"]
[WhiteElo "2295"]
[BlackElo "2536"]

1.e4 d6 2.d4 Nf6 3.Nc3 e5 4.Nf3 Nbd7 5.Bc4 Be7 6.O-O O-O 7.a4 c6 8.Re1 h6
9.h3 Re8 10.b3 Qc7 11.Bb2 Nf8 12.Qe2 Ng6 13.Qf1 Bf8 14.g3 Bd7 15.a5 b5 16.axb6 axb6
17.Rxa8 Rxa8 18.Kh2 b5 19.Bd3 exd4 20.Nxd4 b4 21.Nd1 Re8  0-1

[Event "OGD Prinsenstad Open A"]
[Site "Delft NED"]
[Date "2012.04.08"]
[Round "5.4"]
[White "De Wit,M"]
[Black "Haslinger,S"]
[Result "0-1"]
[WhiteElo "2295"]
[BlackElo "2536"]

1.e4 d6 2.d4 Nf6 3.Nc3 e5 4.Nf3 Nbd7 5.Bc4 Be7 6.O-O O-O 7.a4 c6 8.Re1 h6
9.h3 Re8 10.b3 Qc7 11.Bb2 Nf8 12.Qe2 Ng6 13.Qf1 Bf8 14.g3 Bd7 15.a5 b5 16.axb6 axb6
17.Rxa8 Rxa8 18.Kh2 b5 19.Bd3 exd4 20.Nxd4 b4 21.Nd1 Re8 22.f4 Bc8 23.Nf2 Nd7
24.Be2 c5 25.Nf5 Nb6 26.Ne3 Bb7 27.Bf3 Rc8 28.Nc4 Ra8 29.Ng4 Nxc4 30.Qxc4 Ra2
31.Rb1 Ne7 32.Qf1 d5 33.exd5 Nxd5 34.Ne5 Nc3 35.Bxc3 Rxc2+ 36.Be2 Ba6 37.Nc4 Rxc3
38.Rb2 g6 39.Qd1 Bg7 40.Rd2 Bd4 41.Bd3 Bb7 42.Re2 Kg7 43.Re1 Qd8 44.Be4 Bxe4
45.Rxe4 Qd5 46.Qb1 Bf6 47.Re1 Qf3 48.Rg1 Rxb3 49.Qa2 Qc3  0-1

[Event "Pobeskydi Open 2012"]
[Site "Frydek Mistek CZE"]
[Date "2012.04.08"]
[Round "7"]
[White "Trombik,K"]
[Black "Bury,R"]
[Result "1-0"]
[WhiteElo "1989"]
[BlackElo "2173"]

1.d4 d6 2.e4 c6 3.Nc3 Nf6 4.g3 Qa5 5.Bg2 e5 6.Ne2 Be7 7.O-O O-O 8.h3 Rd8
9.Be3 Nbd7 10.a3 Nf8 11.b4 Qc7 12.Kh2 Be6 13.d5 cxd5 14.exd5 Bd7 15.Qd3 Rac8
16.Rac1 a6 17.Qd2 Ng6 18.Rfd1 Re8 19.Bg5 b5 20.Be3 Qc4 21.Qd3 Qc7 22.Ne4 Rf8
23.Nd2 Qb7 24.Qb3 Rc7 25.c4 Rfc8 26.c5 Qb8 27.c6 Be8 28.Ne4 Nxd5 29.Qxd5 Bxc6
30.Qb3 Qb7 31.Nxd6 Bxd6 32.Rxc6 Rxc6 33.Rxd6 Ne7 34.Bxc6 Nxc6 35.Qd5  1-0

[Event "23rd Lenk Open"]
[Site "Lenk SUI"]
[Date "2012.04.08"]
[Round "6.2"]
[White "Curien,N"]
[Black "Sadeghi,H"]
[Result "1/2-1/2"]
[WhiteElo "2209"]
[BlackElo "2218"]

1.d4 d6 2.e4 Nf6 3.Nc3 Nbd7 4.Nf3 e5 5.Bc4 Be7 6.O-O O-O 7.a4 c6 8.Re1 b6
9.b3 Bb7 10.Ba3 a6 11.dxe5 dxe5 12.Bd6 b5 13.axb5 axb5 14.Rxa8 Bxa8 15.Bf1 Bxd6
16.Qxd6 Qb6 17.h3  1/2-1/2

[Event "Karposh Open 2012"]
[Site "Skopje MKD"]
[Date "2012.04.08"]
[Round "2.47"]
[White "Cvetkovski,S"]
[Black "Ratkovic,Milov"]
[Result "0-1"]
[WhiteElo "1927"]
[BlackElo "2183"]

1.e4 d6 2.d4 Nf6 3.Nc3 c6 4.Nf3 Bg4 5.Be2 e6 6.O-O d5 7.exd5 cxd5 8.Ne5 Bxe2
9.Qxe2 Nc6 10.Nxc6 bxc6 11.Qa6 Qb6 12.Qxb6 axb6 13.a4 Kd7 14.Bd2 Bb4 15.Nb1 Be7
16.b4 Ne4 17.c3 Ra7 18.f3 Nxd2 19.Nxd2 Rha8 20.Rad1 Rxa4 21.Nb1 Ra2 22.Rf2 Bg5
23.Re1 c5 24.f4 Rxf2 25.Kxf2 Bxf4 26.bxc5 bxc5 27.dxc5 Kc6 28.g3 Bg5 29.h4 Bf6
30.Re2 Rb8 31.Re1 Kxc5 32.Rc1 Be5 33.Re1 Rb2+ 34.Kf3 Bf6 35.Rc1 e5 36.Ke3 Rg2
37.Kf3 Ra2 38.Ke3 Kd6 39.Kf3 e4+ 40.Ke3 Ke5 41.Nd2 Bd8 42.Rb1 Ra3 43.Rb3 Rxb3
44.Nxb3 Bb6+ 45.Ke2 f5  0-1

[Event "Karposh Open 2012"]
[Site "Skopje MKD"]
[Date "2012.04.08"]
[Round "3.4"]
[White "Todorovic,GM"]
[Black "Delchev,A"]
[Result "0-1"]
[WhiteElo "2499"]
[BlackElo "2622"]

1.e4 d6 2.d4 Nf6 3.Nc3 e5 4.Nf3 Nbd7 5.Bc4 Be7 6.O-O O-O 7.Qe2 c6 8.a4 exd4
9.Nxd4 Re8 10.Ba2 Bf8 11.Qf3 Ne5 12.Qd1 a5 13.h3 h6 14.Re1 Ng6 15.f4 d5 16.e5 Bc5
17.Be3 Qb6 18.Nce2 Ne4 19.Qd3 Nh4 20.Kh2 Bf5 21.c4 Ng3 22.Nxf5 Ngxf5 23.Bg1 Bxg1+
24.Rxg1 Qf2 25.Raf1 Qe3 26.Qxe3 Nxe3 27.Rc1 dxc4 28.Rc3 Nd5 29.Rxc4 Rad8
30.Bb1 Nb6 31.Re4 Rd2 32.b3 f5 33.Rd4 Rxe2 34.Kg3 g5  0-1

[Event "e2e4 Dublin Easter Masters"]
[Site "Dublin IRL"]
[Date "2012.04.09"]
[Round "8"]
[White "Collins,S IRL"]
[Black "Gormally,D"]
[Result "1/2-1/2"]
[WhiteElo "2439"]
[BlackElo "2520"]

1.e4 d6 2.d4 Nf6 3.Nc3 c6 4.f4 Qa5 5.e5 Ne4 6.Qf3 d5 7.Bd3 Na6 8.Ne2 Nb4
9.O-O Nxd3 10.cxd3 Nxc3 11.bxc3 g6 12.a4 h5 13.h3 h4 14.Ba3 Bf5 15.Bb4 Qa6
16.Rfd1 e6 17.Bxf8 Kxf8 18.Qe3 Kg7 19.Kf2 b6 20.Qd2 c5 21.a5 Qb7 22.Ng1 Qc6
23.Nf3 c4 24.axb6 Bxd3 25.bxa7 Qb7 26.Qa2 Rhc8 27.Kg1 Rc7 28.Qf2 Rxa7 29.Rxa7 Qxa7
30.Qxh4 Be2 31.Qf6+ Kg8 32.Qd8+ Kg7 33.Qf6+ Kg8 34.Rb1 Rb7 35.Qd8+ Kg7 36.Qf6+ Kg8
37.Qd8+ Kg7 38.Rxb7 Qxb7 39.Qf6+ Kg8 40.Qd8+ Kg7 41.Ng5 Bd3 42.Qf6+ Kg8 43.Qd8+ Kg7
44.Kh2 Bb1 45.Qf6+ Kg8 46.Qd8+ Kg7 47.Kg3 Be4 48.Qf6+ Kg8 49.Qd8+ Kg7 50.h4 Bf5
51.Qf6+ Kg8 52.Qd8+ Kg7 53.Qf6+ Kg8 54.h5 gxh5 55.Kh4 Bg4 56.Qh6 Qb1 57.Nf3 Qh1+
58.Kg3 Bxf3 59.Qg5+ Kf8 60.Qd8+ Kg7 61.Qg5+ Kf8 62.Qd8+ Kg7  1/2-1/2

[Event "Pobeskydi Open 2012"]
[Site "Frydek Mistek CZE"]
[Date "2012.04.09"]
[Round "9"]
[White "Novosadova,K"]
[Black "Plat,V"]
[Result "0-1"]
[WhiteElo "2055"]
[BlackElo "2436"]

1.e4 d6 2.d4 Nf6 3.Nc3 e5 4.Nf3 Nbd7 5.Bc4 Be7 6.O-O O-O 7.Qe2 c6 8.Bb3 b5
9.Nd1 Bb7 10.c3 Qc7 11.Nh4 Rfe8 12.Nf5 Bf8 13.f3 d5 14.Nf2 exd4 15.cxd4 dxe4
16.fxe4 c5 17.Qxb5 cxd4 18.Nxd4 Nc5 19.Qc4 Ba6 20.Nb5 Qb7 21.a4 Rac8 22.e5 Nce4
23.Qxf7+ Qxf7 24.Bxf7+ Kxf7 25.Nxe4 Bxb5 26.axb5 Rxe5 27.Rxa7+ Kg6 28.Nxf6 Bc5+
29.Kh1 Bxa7 30.Nd7 Rf5 31.Rd1 Rd5  0-1

[Event "Cebanenco Mem IM 2012"]
[Site "Kishinev MDA"]
[Date "2012.04.09"]
[Round "9"]
[White "Grinev,V"]
[Black "Kalinina,O"]
[Result "1/2-1/2"]
[WhiteElo "2404"]
[BlackElo "2280"]

1.e4 d6 2.d4 Nf6 3.Nc3 e5 4.Nge2 Be7 5.g3 O-O 6.Bg2 Re8 7.O-O exd4 8.Nxd4 Bf8
9.b3 Nbd7 10.Bb2 Nc5 11.Re1 Ne6 12.h3 Nxd4 13.Qxd4 Qe7 14.Rad1 Qe5 15.Qxe5 dxe5
16.Nd5 Nxd5 17.Rxd5 f6 18.Bf1 Be6 19.Rd2 Red8 20.Red1 Be7 21.h4 Kf7 22.Rxd8 Rxd8
23.Rxd8 Bxd8 24.Bd3 Ke7 25.Kf1 Kd7 26.Ke2 Be7 27.Kd2 Bc5 28.Ke2 c6 29.Bc1 a5
30.a4 Bb4 31.Bd2 Bxd2 32.Kxd2 Kd6 33.Kc3 Kc5 34.Be2 Bd7 35.Bd3 Bg4 36.Kd2 Kd6
37.Be2 Bxe2 38.Kxe2 b6 39.c3 Ke6 40.Ke3  1/2-1/2

[Event "VI New Open Lugano"]
[Site "Lugano SUI"]
[Date "2012.04.09"]
[Round "6.3"]
[White "Salvetti,A"]
[Black "Okhotnik,V"]
[Result "0-1"]
[WhiteElo "2210"]
[BlackElo "2489"]

1.e4 d6 2.d4 Nf6 3.Nc3 e5 4.Nf3 Nbd7 5.Bc4 Be7 6.O-O O-O 7.h3 a6 8.a4 b6
9.Re1 c6 10.dxe5 dxe5 11.Bg5 Bb4 12.Re3 Re8 13.Qe2 Nf8 14.Bxf7+ Kxf7 15.Qc4+ Kg6
16.Qxb4 a5 17.Qc4 Ba6 18.Qxc6 Rc8 19.Bxf6 gxf6 20.Qd5 Qxd5 21.exd5 Red8 22.Rd1 Rc4
23.b3 Rc5 24.Ne1 f5 25.Nb5 Bxb5 26.axb5 Rcxd5 27.Rxd5 Rxd5 28.c4 Rd1 29.Rxe5 Nd7
30.Re2 Nc5 31.Kh2 Rb1 32.Nf3 Rxb3 33.Rd2 a4 34.Ne5+ Kg5 35.Nd7 Ne4 36.Ra2 a3
37.Nxb6 Nc3 38.Ra1 a2 39.Nd5 Rb1 40.Nxc3 Rxa1 41.c5 Rh1+  0-1

[Event "Karposh Open 2012"]
[Site "Skopje MKD"]
[Date "2012.04.09"]
[Round "4.7"]
[White "Solak,D"]
[Black "Pancevski,F"]
[Result "1-0"]
[WhiteElo "2602"]
[BlackElo "2470"]

1.e4 d6 2.d4 Nf6 3.Nc3 e5 4.Nf3 Nbd7 5.Bc4 Be7 6.O-O O-O 7.a4 c6 8.Re1 b6
9.Ba2 a6 10.Bg5 h6 11.Bh4 Nh7 12.Bg3 Ng5 13.dxe5 Nxf3+ 14.Qxf3 dxe5 15.Nd1 Bf6
16.Ne3 Nc5 17.Nc4 Qc7 18.a5 b5 19.Nb6 Rb8 20.Qc3 Qe7 21.f3 Bb7 22.b4 Nd7
23.Nxd7 Qxd7 24.Bxe5 Bxe5 25.Qxe5 Qd2 26.Qc5 Rbd8 27.Rad1 Qxd1 28.Rxd1 Rxd1+
29.Kf2 Rd7 30.h4 Rfd8 31.Kg3 Rd6 32.h5 R6d7 33.Bb3 Re8 34.Kf4 Rde7 35.Qd6 Kh8
36.g4 Kg8 37.Ke3 Kh8 38.Kd4 Kg8 39.Kc3 Kh8 40.Kb2 Kg8 41.g5 hxg5 42.Qg6 Kh8
43.Qxg5 Re5 44.Qf4 f6 45.h6 Bc8 46.hxg7+ Kxg7 47.Qg3+  1-0

[Event "Campomanes Mem GM Open"]
[Site "Bandar Seri Begawan BRU"]
[Date "2012.04.10"]
[Round "5.3"]
[White "Pitra,Andika"]
[Black "Dimakiling,O"]
[Result "1-0"]
[WhiteElo "2305"]
[BlackElo "2447"]

1.e4 d6 2.d4 Nf6 3.Nc3 c6 4.f4 b5 5.e5 dxe5 6.fxe5 Nd5 7.Bd3 g6 8.Nf3 Bg7
9.O-O O-O 10.a4 bxa4 11.Rxa4 a5 12.Nxd5 cxd5 13.Bd2 Bd7 14.Ra3 Nc6 15.Qe1 Qb6
16.Rb3 Qa7 17.c3 a4 18.Ra3 Qb6 19.Ra2 Na5 20.Qh4 f6 21.Bh6 Bb5 22.Bxg7 Kxg7
23.Bxb5 Qxb5 24.exf6+ exf6 25.Ne5 Rae8 26.Ng4 h5 27.Nxf6 Qxf1+ 28.Kxf1 Rxf6+
29.Kg1 Re4 30.Qxe4 dxe4 31.Rxa4 e3 32.Rxa5 Rf2 33.Re5 Re2 34.g3 Kf6 35.h4 Rxb2
36.Rxe3 Kf5 37.Kf1 Kg4 38.Ke1 Kh3 39.d5 Rb8 40.d6 Kg2  1-0

[Event "Campomanes Mem GM Open"]
[Site "Bandar Seri Begawan BRU"]
[Date "2012.04.10"]
[Round "6.10"]
[White "Hj,Azahari Md Aliuddin"]
[Black "William,Lee Kah Howe"]
[Result "1/2-1/2"]
[WhiteElo "2097"]
[BlackElo "1777"]

1.e4 d6 2.d4 Nf6 3.Nc3 e5 4.Nf3 exd4 5.Nxd4 Be7 6.Be2 Bd7 7.Be3 Nc6 8.Qd2 a6
9.a4 O-O 10.O-O Ne5 11.h3 c5 12.Nf3 Bc6 13.Nxe5 dxe5 14.f3 Qxd2 15.Bxd2 Rfd8
16.Bg5 h6 17.Bxf6 Bxf6 18.Rfd1 Rd4 19.b3 Rad8 20.Bd3 Bg5 21.Kf1 R4d7 22.Ke2 Kf8  1/2-1/2

[Event "Karposh Open 2012"]
[Site "Skopje MKD"]
[Date "2012.04.10"]
[Round "5.8"]
[White "Hunt,A"]
[Black "Delchev,A"]
[Result "1/2-1/2"]
[WhiteElo "2454"]
[BlackElo "2622"]

1.e4 d6 2.d4 Nf6 3.Nc3 e5 4.Nf3 Nbd7 5.Bc4 Be7 6.O-O O-O 7.Re1 a6 8.a4 b6
9.d5 Kh8 10.a5 b5 11.Bf1 Bb7 12.b3 Rc8 13.Ba3 c5 14.dxc6 Rxc6 15.Nd5 Nxd5
16.exd5 Rc7 17.c4 bxc4 18.Bxc4 Re8 19.Qd2 Qa8 20.Rad1 h6 21.h3 Nf6 22.Nh2 Nh5
23.Ng4 Bg5 24.Ne3 Rd7 25.Qd3 e4 26.Qd4 Bf6 27.Qd2 Be5 28.Bb2 Nf6 29.Bxe5 Rxe5
30.b4 Rd8 31.Qd4 Qb8 32.Qb6 Nd7 33.Qd4 f5 34.Qb2 Nf6 35.b5 axb5 36.Qxb5 f4
37.Ng4 Nxg4 38.hxg4 Qc8 39.Be2 Qa8 40.Bc4 Qc8 41.Be2 Qa8 42.Bc4  1/2-1/2

[Event "Karposh Open 2012"]
[Site "Skopje MKD"]
[Date "2012.04.10"]
[Round "5.56"]
[White "Cvetkovski,S"]
[Black "Ratkovic,Miloj"]
[Result "0-1"]
[WhiteElo "1927"]
[BlackElo "2186"]

1.e4 d6 2.d4 Nf6 3.Nc3 c6 4.f4 Qa5 5.Bd3 e5 6.Nf3 exd4 7.Nxd4 Be7 8.Qe2 O-O
9.h3 Re8 10.Nb3 Qc7 11.Be3 Nbd7 12.g4 Nf8 13.g5 N6d7 14.O-O-O b5 15.Nd4 b4
16.Na4 Nb6 17.Nxb6 axb6 18.Bc4 b5 19.Bb3 Ne6 20.Nxe6 Bxe6 21.Qd3 Bxb3 22.axb3 Bf8
23.Bf2 d5 24.e5 c5 25.c3 c4 26.bxc4 dxc4 27.Qd7 Ra1+ 28.Kc2 b3+  0-1

[Event "I FirstSun Mallorca"]
[Site "Cala Rajada ESP"]
[Date "2012.04.11"]
[Round "4"]
[White "Otte,Mari"]
[Black "Monroy,C"]
[Result "1/2-1/2"]
[WhiteElo "2234"]
[BlackElo "2401"]

1.e4 d6 2.d4 Nf6 3.Nc3 e5 4.dxe5 dxe5 5.Qxd8+ Kxd8 6.Bc4 Bb4 7.Bd2 Be6 8.Bxe6 fxe6
9.f3 Ke7 10.Nb5 Bxd2+ 11.Kxd2 Nc6 12.c3 g5 13.Ne2 g4 14.Ke3 a6 15.Na3 Rhg8
16.Rhg1 Raf8 17.Nc4 Rf7 18.a4 Rfg7 19.f4 exf4+ 20.Nxf4 Rg5 21.Nd3 Rh5 22.Rh1 Rgg5
23.Raf1 Rh6 24.g3 b5 25.axb5 axb5 26.Nd2 Nd7 27.Rf2 Nce5 28.Nxe5 Nxe5 29.b4 Rg8
30.Nb3 Nc4+ 31.Ke2 Ra8 32.Ra1 Rxa1 33.Nxa1 e5 34.Nb3 Ra6 35.Na5 Nxa5 36.bxa5 Rxa5
37.Rf5 Ra2+  1/2-1/2

[Event "Karposh Open 2012"]
[Site "Skopje MKD"]
[Date "2012.04.11"]
[Round "6.36"]
[White "Kukov,T"]
[Black "Stojanovic,Andj"]
[Result "1/2-1/2"]
[WhiteElo "2112"]
[BlackElo "2324"]

1.e4 d6 2.d4 Nf6 3.Nc3 e5 4.Nge2 exd4 5.Nxd4 Be7 6.Be2 O-O 7.O-O Re8 8.f4 Bf8
9.Bf3 c5 10.Nb3 Nc6 11.Be3 Bf5 12.exf5 Rxe3 13.Qd2 Rxf3 14.Rxf3 d5 15.Ne2 c4
16.Nbd4 Qb6 17.c3 Bc5 18.Rd1 Re8 19.h3 h5 20.Kh2 h4 21.b4 Bxd4 22.Nxd4 Nxd4
23.Qxd4 Qxd4 24.Rxd4 Re2 25.a4 a5 26.bxa5 Ra2 27.Rd1 Rxa4 28.Rb1 Rxa5 29.Rxb7 Ne4
30.Rb8+ Kh7 31.Rd8 g6 32.fxg6+ Kxg6 33.f5+ Kf6 34.Rd7 Ng3 35.Rxg3 hxg3+ 36.Kxg3  1/2-1/2

[Event "18th Metropolitan IM"]
[Site "Los Angeles USA"]
[Date "2012.04.12"]
[Round "3"]
[White "Yankovsky,R"]
[Black "Kavutskiy,K"]
[Result "0-1"]
[WhiteElo "2438"]
[BlackElo "2302"]

1.e4 d6 2.d4 Nf6 3.Nc3 c6 4.Nf3 Bg4 5.h3 Bh5 6.Qe2 e6 7.g4 Bg6 8.Bg2 d5 9.exd5 cxd5
10.Ne5 Nc6 11.Nxg6 hxg6 12.g5 Ne4 13.Nxe4 Nxd4 14.Qd3 dxe4 15.Bxe4 Nc6 16.Qb3 Qc7
17.h4 Bc5 18.Be3 Bxe3 19.Qxe3 O-O-O 20.c3 Kb8 21.Rd1 Ne5 22.b3 f5 23.gxf6 gxf6
24.Rxd8+ Rxd8 25.O-O f5 26.Bb1 Ng4 27.Qg3 e5 28.Bc2 e4 29.Qxc7+ Kxc7 30.Rd1 Rxd1+
31.Bxd1 Nf6 32.b4 Nd5 33.Bb3 Kd6 34.Kh2 Nf4 35.Bc4 Ke5 36.Kg3 Nh5+ 37.Kh2 Kf4
38.Bf7 Kf3 39.Kg1 Nf4 40.Kf1 Kg4 41.c4 Kxh4 42.c5 Kg5 43.Be8 Kf6 44.Bd7 Ke7
45.Bc8 b6 46.cxb6 axb6 47.Ba6 Kd6 48.Bc4 Nd5 49.a3 f4 50.Kg2 Ke5 51.Kh3 Kd4
52.Ba6 Kc3 53.Kg4 e3 54.fxe3 fxe3 55.Kg5 Kd2 56.Kxg6 Nf4+  0-1

[Event "Karposh Open 2012"]
[Site "Skopje MKD"]
[Date "2012.04.13"]
[Round "8.43"]
[White "Markovski,V"]
[Black "Stojanovic,Andj"]
[Result "0-1"]
[WhiteElo "2040"]
[BlackElo "2324"]

1.e4 d6 2.d4 Nf6 3.Nc3 e5 4.dxe5 dxe5 5.Qxd8+ Kxd8 6.Bg5 Nd7 7.Bc4 Ke8 8.O-O-O c6
9.f3 b5 10.Bb3 Bc5 11.Nh3 Nb6 12.Rhf1 a5 13.a4 b4 14.Nb1 Bxh3 15.gxh3 Nh5
16.Nd2 f6 17.Bh4 Nf4 18.Nc4 Nxc4 19.Bxc4 Ke7 20.Bg3 Nxh3 21.c3 bxc3 22.bxc3 Rhd8
23.Kc2 Ng5 24.f4 Rxd1 25.Rxd1 exf4 26.Bxf4 Ne6 27.Bg3 g5 28.Rb1 Rd8 29.Rb7+ Rd7
30.Rb8 Bd6 31.Bxd6+ Kxd6 32.Bxe6 Kxe6 33.Ra8 Ke5 34.Rxa5+ Kxe4 35.Ra8 f5
36.a5 f4 37.a6 Kf3 38.Rc8 g4 39.Rxc6 Kg2 40.Rc4 g3 41.hxg3 f3 42.Ra4 Ra7
43.Kd3 f2 44.Ra2 Rxa6  0-1

[Event "34th ch-ITA Seniors 2012"]
[Site "Arvier ITA"]
[Date "2012.04.14"]
[Round "1.4"]
[White "Maestri,Roberto"]
[Black "Colombo,P"]
[Result "0-1"]
[WhiteElo "1711"]
[BlackElo "2119"]

1.e4 d6 2.d4 c6 3.Nc3 Nf6 4.f4 Qa5 5.e5 Nd5 6.Qf3 Bf5 7.Bd2 Bxc2 8.Nxd5 Qxd5
9.Qxd5 cxd5 10.Bb5+ Nd7 11.Rc1 Bf5 12.Rc7 Rb8 13.Nf3 Kd8 14.Rc3 e6 15.O-O Rc8
16.Rxc8+ Kxc8 17.Rc1+ Kd8 18.Ng5 Bg6 19.g4 dxe5 20.fxe5 h6 21.Nh3 Be7 22.Nf4 Be4
23.Nh5 Rg8 24.Ng3 Bg6 25.Kg2 f6 26.Bxd7 Kxd7 27.Bf4 Rc8 28.Rxc8 Kxc8 29.Ne2 Be4+
30.Kg3 g5 31.Bd2 f5 32.gxf5 Bxf5 33.Kf2 h5 34.Ng3 Bg6 35.h3 h4 36.Nf1 Bf5
37.Kg2 Kd7 38.Nh2 Ke8 39.Nf3 g4 40.hxg4 Bxg4 41.Ng5 Kf8 42.Nh7+ Kg7 43.Ng5 Kg6
44.Nh3 Bxh3+ 45.Kxh3 Bg5 46.Bc3 Kf5 47.a3 Ke4 48.Kg4 Be3 49.Kxh4  0-1

[Event "TCh-CAT 2012"]
[Site "Catalunya ESP"]
[Date "2012.04.14"]
[Round "10.7"]
[White "Llaneza Vega,P"]
[Black "Reverte Garcia,J"]
[Result "1-0"]
[WhiteElo "2220"]
[BlackElo "1958"]

1.e4 d6 2.d4 Nf6 3.Nc3 e5 4.Nf3 Nbd7 5.g4 h6 6.g5 hxg5 7.Bxg5 Be7 8.Qd2 exd4
9.Nxd4 Nc5 10.Bxf6 Bxf6 11.O-O-O Ne6 12.Nde2 Nc5 13.Ng3 g6 14.Kb1 a6 15.Be2 Be6
16.f4 Qd7 17.f5 gxf5 18.exf5 Bxf5 19.Nd5 Bd8 20.Qd4 Rf8 21.Nxf5 Qxf5 22.Rhe1 Ne6
23.Bd3 Qg5 24.Qa4+ c6 25.Nf4 Kd7 26.Nxe6 fxe6 27.Qb3 Kc7 28.Qxe6 Bf6 29.Bxa6 Qc5
30.Bd3 d5 31.Rf1 Rae8 32.Qg4 Qd6 33.h3 b5 34.Rf5 Re5 35.Rdf1 Qe7 36.a3 Rxf5
37.Bxf5 Qe5 38.Qf4 Kd6 39.Qb4+ Kc7 40.Re1 Qd4 41.Re7+ Kb6 42.Qxd4+ Bxd4 43.Bd3 Rh8
44.Rh7 Rxh7 45.Bxh7 Bf6 46.c3 c5 47.Kc2 b4 48.cxb4 cxb4 49.a4 Kc5 50.b3 Kd4
51.Bg8 Ke4 52.Bf7 d4 53.Bg6+ Ke3 54.a5 Bd8 55.a6 Bb6 56.h4 Kf4 57.Kd3 Kg4
58.h5 Kg5 59.Kc4 Ba7 60.Kxb4 Kh6 61.Kb5 d3 62.Bxd3 Kxh5 63.Kc6  1-0

[Event "Schachbundesliga 2011-12"]
[Site "Dortmund GER"]
[Date "2012.04.14"]
[Round "14"]
[White "Heinemann,T"]
[Black "Klyuner,V"]
[Result "1/2-1/2"]
[WhiteElo "2469"]
[BlackElo "2428"]

1.e4 d6 2.d4 Nf6 3.Nc3 e5 4.Nf3 Nbd7 5.g3 Be7 6.Bg2 O-O 7.O-O c6 8.a4 a5
9.b3 Re8 10.Re1 Qc7 11.Bb2 Nf8 12.h3 Ne6 13.Qd2 Nd7 14.Rad1 h6 15.Nb1 Ng5
16.Nxg5 Bxg5 17.Qd3 b6 18.dxe5 dxe5 19.Na3 Be7 20.Nc4 Rd8 21.Qf3 Ba6 22.Bf1 Bb4
23.Bc3 Bxc3 24.Qxc3 Bxc4 25.Bxc4 Nc5 26.Qf3 Qe7 27.Qf5 Kf8 28.Qh7 Qf6 29.Kg2 Ke7
30.Rxd8 Rxd8 31.Re3 Qg6 32.Qxg6 fxg6 33.Rf3  1/2-1/2

[Event "Schachbundesliga 2011-12"]
[Site "Dortmund GER"]
[Date "2012.04.14"]
[Round "14"]
[White "Mainka,R"]
[Black "Rogozenco,D"]
[Result "1/2-1/2"]
[WhiteElo "2488"]
[BlackElo "2552"]

1.e4 d6 2.d4 Nf6 3.Nc3 e5 4.Nf3 Nbd7 5.Bc4 Be7 6.O-O O-O 7.Re1 c6 8.a4 a5
9.b3 Nb6 10.Bf1 exd4 11.Nxd4 d5 12.e5 Ne8 13.Nce2 g6 14.Bh6 Ng7 15.Qd2 Nd7
16.Ng3 Nc5 17.f4 f6 18.Nf3 f5 19.Rad1 Ne4 20.Nxe4 fxe4 21.Nd4 Rf7 22.Bxg7 Kxg7
23.Be2 c5 24.Nb5 d4 25.Qc1 Be6  1/2-1/2

[Event "Karposh Open 2012"]
[Site "Skopje MKD"]
[Date "2012.04.14"]
[Round "9.37"]
[White "Temkov,B"]
[Black "Simjanovski,S"]
[Result "1-0"]
[WhiteElo "1952"]
[BlackElo "2288"]

1.e4 d6 2.d4 Nf6 3.Nc3 c6 4.Nf3 Bg4 5.Be2 Bxf3 6.Bxf3 Nbd7 7.O-O e5 8.Be3 Be7
9.a4 a5 10.Qd2 O-O 11.Be2 Qc7 12.f4 Rad8 13.h3 exd4 14.Bxd4 Rfe8 15.Rae1 Nc5
16.Bf3 d5 17.Qf2 dxe4 18.Bxc5 Bxc5 19.Qxc5 exf3 20.Rxe8+ Rxe8 21.Rxf3 Re1+
22.Kh2 Ne4 23.Qa7 Nf6 24.Qd4 h6 25.Qd2 Re6 26.Kh1 Qb6 27.b3 Qb4 28.Rd3 Qe7
29.Rd8+ Kh7 30.Qd3+ g6 31.Ra8 Re1+ 32.Kh2 Qc5 33.Ne2 Qd5 34.Nd4  1-0

[Event "14th Dubai Open 2012"]
[Site "Dubai UAE"]
[Date "2012.04.15"]
[Round "1.11"]
[White "Ganguly,S"]
[Black "Basencyan,M"]
[Result "1-0"]
[WhiteElo "2633"]
[BlackElo "2158"]

1.e4 d6 2.d4 Nf6 3.Nc3 Nbd7 4.g4 h6 5.g5 hxg5 6.Bxg5 c6 7.Nf3 e5 8.Bc4 Be7
9.a4 a5 10.h4 Qc7 11.Rg1 Nf8 12.Qe2 Ne6 13.O-O-O exd4 14.Nxd4 Nxd4 15.Rxd4 Be6
16.Bxe6 fxe6 17.Qc4 e5 18.Bxf6 gxf6 19.Nb5 Qb8 20.Nxd6+ Kd7 21.Rd3  1-0

[Event "TCh-SUI National A 2012"]
[Site "Switzerland SUI"]
[Date "2012.04.15"]
[Round "2.8"]
[White "Gloor,R"]
[Black "Schmidt Schaeffer,S"]
[Result "1/2-1/2"]
[WhiteElo "2249"]
[BlackElo "2369"]

1.e4 d6 2.d4 Nf6 3.Nc3 Nbd7 4.Nf3 e5 5.Bc4 Be7 6.O-O O-O 7.Qe2 c6 8.a4 a5
9.Rd1 Qc7 10.h3 exd4 11.Nxd4 Nc5 12.Bf4 Nfd7 13.Bg3 Ne5 14.Ba2 Re8 15.f4 Ng6
16.e5 dxe5 17.fxe5 Ne6 18.Bxe6 Bxe6 19.Nxe6 fxe6 20.Ne4 Rad8 21.Nd6 Bxd6
22.exd6 Qb6+ 23.Bf2 Qb4 24.c3 Qf4 25.d7 Re7 26.Bc5 Rexd7 27.Qxe6+ Qf7 28.Qxf7+ Kxf7
29.Rf1+ Kg8 30.Bb6 Re8 31.Rad1 Rxd1 32.Rxd1 Re2 33.Rd8+ Kf7 34.Rd7+ Ke6 35.Rxg7 Rxb2
36.Bxa5 Nf4 37.Bb4 b6 38.Rxh7 Rxg2+ 39.Kf1 Ra2 40.Rh4 Kf5 41.Bd6 Nd5 42.Ke1 Nxc3
43.Rc4 Ra1+ 44.Kd2 Ne4+ 45.Kc2 Nxd6 46.Rxc6 Ke5 47.Rxb6 Rxa4 48.Kb3 Rh4 49.Rc6 Rxh3+
50.Rc3 Rh8 51.Kc2 Ne4 52.Rc7 Rh2+ 53.Kb3 Rh3+ 54.Kb4 Kd5 55.Rc2 Rh8 56.Ka3 Ra8+
57.Kb4 Rb8+ 58.Ka3 Kd4 59.Rb2 Ra8+ 60.Kb4 Kd5 61.Rc2 Rb8+ 62.Ka3 Nd6 63.Rh2 Nb5+
64.Kb2 Nd4+ 65.Kc1 Kc4 66.Rh3 Rf8 67.Kd2 Re8 68.Rc3+ Kd5 69.Rh3 Rg8 70.Rh5+ Kc4
71.Ke3 Re8+ 72.Kf4 Ne6+ 73.Kf3 Kd4 74.Rf5 Re7 75.Ra5 Rf7+ 76.Kg4 Ke4 77.Ra4+ Nd4
78.Kg5 Rd7 79.Kf6 Rd5 80.Rb4 Ra5 81.Rc4 Ra6+ 82.Kg5 Kd5 83.Rc8 Ra1 84.Rd8+ Ke5
85.Re8+ Ne6+ 86.Kg4 Ra3 87.Re7 Ra4+  1/2-1/2

[Event "TCh-SUI National A 2012"]
[Site "Switzerland SUI"]
[Date "2012.04.15"]
[Round "2.2"]
[White "Preissmann,E"]
[Black "Pelletier,Y"]
[Result "0-1"]
[WhiteElo "2266"]
[BlackElo "2589"]

1.e4 d6 2.d4 Nf6 3.Nc3 e5 4.Nge2 Be7 5.h3 h5 6.dxe5 dxe5 7.Qxd8+ Bxd8 8.Bg5 c6
9.g3 Nbd7 10.Bg2 Bb6 11.Nd1 Nh7 12.Bd2 h4 13.Ne3 hxg3 14.fxg3 Bc7 15.O-O-O Nb6
16.Bb4 g6 17.b3 Be6 18.Bc3 Rd8 19.Rdf1 Nd7 20.Nd1 Ke7 21.Bb4+ Bd6 22.Bxd6+ Kxd6
23.Nf2 Ke7 24.Nd3 f6 25.h4 Nhf8 26.Bf3 Bf7 27.Bg4 Ne6 28.Rf2 Nec5 29.Bxd7 Nxe4
30.Bg4 Rxd3 31.Rf3 Rxf3 32.Bxf3 Nd6 33.c4 Rd8 34.Re1 Nf5 35.Be4 Nd4 36.g4 Nxe2+
37.Rxe2 Rd4 38.Bf3 Rf4 39.Re3 Be6 40.g5  0-1

[Event "4th Alexander the Great Open"]
[Site "Neos Marmaras GRE"]
[Date "2012.04.16"]
[Round "1"]
[White "Marantidis,P"]
[Black "Djukic,Sa"]
[Result "0-1"]
[WhiteElo "1924"]
[BlackElo "2203"]

1.e4 d6 2.d4 Nf6 3.Nc3 e5 4.dxe5 dxe5 5.Qxd8+ Kxd8 6.Bg5 c6 7.Nf3 Bd6 8.O-O-O Ke7
9.Bd3 h6 10.Bh4 Be6 11.Kb1 Nd7 12.Rhe1 g5 13.Bg3 Nh5 14.Ng1 b5 15.Be2 Nxg3
16.hxg3 Nc5 17.Bd3 a5 18.f4 f6 19.Nce2 Nd7 20.fxe5 fxe5 21.Nf3 Nf6 22.Ned4 exd4
23.e5 c5 24.exd6+ Kxd6 25.Bxb5 Rab8 26.a4 Bd5 27.Ne5 Rh7 28.c3 Be4+ 29.Rxe4 Nxe4
30.Nc4+ Kc7 31.cxd4 Rd8 32.Nxa5 Rxd4 33.Rxd4 cxd4 34.Bd3 Re7 35.Nb3 Nd6 36.Nxd4 Re1+
37.Kc2 Rg1 38.Ne2 Rxg2 39.b4 h5 40.a5 h4 41.gxh4 gxh4 42.b5 h3 43.b6+ Kb7
44.Kb3 h2 45.Nc3 h1=Q 46.Ne4 Qd1+ 47.Kb4 Rg4 48.Kc5 Qxd3 49.a6+ Qxa6  0-1

[Event "34th ch-ITA Seniors 2012"]
[Site "Arvier ITA"]
[Date "2012.04.17"]
[Round "4.2"]
[White "Facchetti,G"]
[Black "Guaglianone,M"]
[Result "1/2-1/2"]
[WhiteElo "2090"]
[BlackElo "2016"]

1.e4 d6 2.d4 Nf6 3.Nc3 e5 4.Nf3 Nbd7 5.h3 Be7 6.Be3 c6 7.a4 Qc7 8.Be2 Nf8
9.Qd2 Ng6 10.g3 h6 11.h4 Ng4 12.h5 Nxe3 13.Qxe3 Nf8 14.d5 Qb6 15.Qxb6 axb6
16.Ra3 Nd7 17.Nd2 Kd8 18.Nc4 Kc7 19.Bg4 Nc5 20.Bxc8 Rhxc8 21.Ke2 Nd7 22.f3 Rh8
23.Raa1 g6 24.Raf1 Nf6 25.hxg6 fxg6 26.Rh3 Nh5 27.Ne3 Bg5 28.Ng2 Rhf8 29.g4 Nf4+
30.Nxf4 Rxf4 31.b3 Ra5 32.Rd1 Rf8 33.Rd3 Rd8 34.Rh1 Rda8 35.b4 R5a7 36.dxc6 bxc6
37.b5 Rd8 38.bxc6 Kxc6 39.Rd5 Ra5 40.Rxa5 bxa5 41.Kd3 Rb8 42.Nb5 d5 43.exd5+ Kxd5
44.c3 Rf8 45.c4+ Kc5 46.Ke4 Rf4+ 47.Kxe5 Rxf3 48.Ke6 Rf4 49.Rd1 Kxc4 50.Nd6+ Kb4
51.Ra1 Rf6+ 52.Kd5 Rf4 53.Rg1 Kxa4 54.Nc4 Kb4 55.Rb1+ Kc3 56.Nxa5 Rxg4 57.Nc6 Rf4
58.Ne5 Rf6 59.Rg1 Kd2 60.Rg2+ Ke1 61.Ng4 Rf5+ 62.Ke6 Rf8 63.Nxh6  1/2-1/2

[Event "ch-ISL 2012"]
[Site "Kopavogur ISL"]
[Date "2012.04.17"]
[Round "5"]
[White "Kjartansson,Dav"]
[Black "Danielsen,Hen"]
[Result "1/2-1/2"]
[WhiteElo "2305"]
[BlackElo "2504"]

1.e4 d6 2.d4 Nf6 3.Nc3 e5 4.Nf3 Nbd7 5.Bc4 Be7 6.O-O O-O 7.h3 c6 8.a4 Nxe4
9.Nxe4 d5 10.Bb3 dxe4 11.Nxe5 Nxe5 12.dxe5 Bf5 13.Bf4 Bc5 14.Qh5 Qc8 15.Rad1 b6
16.c3 Bg6 17.Qg4 Bf5 18.Qe2 Bg6 19.e6 fxe6 20.Bd6 Bxd6 21.Rxd6 Kh8 22.Rfd1 Bf5
23.Bc2 e3 24.fxe3 c5 25.e4 Bg6 26.e5 Qe8 27.Bxg6 Qxg6 28.Qd3 Qh6 29.Qg3 Qh5
30.Kh2 h6 31.R1d3 Rae8 32.Rd7 Rf7 33.Rxf7 Qxf7 34.Qg4 Qf5 35.Qg3 Re7 36.Rf3 Qe4
37.Rf4 Qc2 38.Qh4 Rd7 39.Qg4 Re7 40.Qh4 Rd7 41.Qg4 Re7  1/2-1/2